000
00202nam a2200097Ia 4500
008
170620s9999 xx 000 0 und d
100
_a
CHANDRA P.R
245
0
_a
BUSINESS LOW
260
_b
GALGOTIA
260
_c
2014
300
_a
330
999
_c
30038
_d
30038